Enlargement & integration in the European Union
Saved in:
| Main Author: | |
|---|---|
| Format: | Book |
| Language: | English |
| Published: |
London
Routledge
1997
|
| Series: | <The> Routledge/University association for contemporary european studies series
|
| Subjects: | |
| Tags: |
No Tags, Be the first to tag this record!
|
MARC
| LEADER | 00000nam a2200000 4500 | ||
|---|---|---|---|
| 001 | c117268 | ||
| 005 | 20231215115048.0 | ||
| 020 | |a 0-415-12001-2 | ||
| 041 | 0 | |a eng | |
| 044 | |a GB | ||
| 245 | 1 | 0 | |a Enlargement & integration in the European Union |c Christopher Preston |
| 264 | 1 | |a London |b Routledge |c 1997 | |
| 300 | |a [252] s. | ||
| 490 | 1 | |a <The> Routledge/University association for contemporary european studies series | |
| 830 | 0 | |a <The> Routledge/University association for contemporary european studies series | |
| 610 | 2 | 0 | |a integrácia ekonomická medzinárodná |
| 610 | 2 | 0 | |a spolupráca hospodárska medzinárodná |
| 610 | 2 | 0 | |a Európa |
| 610 | 2 | 0 | |a Európska únia |
| 610 | 2 | 0 | |a SVE |
| 100 | 1 | |a Preston, Christopher | |